<?xml version='1.0' encoding='UTF-8'?>
  <record xmlns="http://www.loc.gov/MARC21/slim">
    <leader>00000cam a2200000 i 4500</leader>
    <controlfield tag="001">ocm64468354</controlfield>
    <controlfield tag="003">OCoLC</controlfield>
    <controlfield tag="005">20250118015441.4</controlfield>
    <controlfield tag="008">870218s1889    ne            000 0 dut d</controlfield>
    <datafield tag="040" ind1=" " ind2=" ">
      <subfield code="a">NLGGC</subfield>
      <subfield code="b">dut</subfield>
      <subfield code="e">fobidrtb</subfield>
      <subfield code="c">NLGGC</subfield>
      <subfield code="d">OCLCQ</subfield>
      <subfield code="d">PTS</subfield>
      <subfield code="d">OCLCO</subfield>
      <subfield code="d">OCLCF</subfield>
      <subfield code="d">OCLCQ</subfield>
      <subfield code="d">OCLCO</subfield>
      <subfield code="d">OCLCA</subfield>
      <subfield code="d">L2U</subfield>
      <subfield code="d">OCLCA</subfield>
      <subfield code="d">OCLCO</subfield>
      <subfield code="d">OCLCL</subfield>
      <subfield code="d">OCLCQ</subfield>
    </datafield>
    <datafield tag="029" ind1="0" ind2=" ">
      <subfield code="a">NLGGC</subfield>
      <subfield code="b">036634921</subfield>
    </datafield>
    <datafield tag="035" ind1=" " ind2=" ">
      <subfield code="a">(OCoLC)64468354</subfield>
    </datafield>
    <datafield tag="041" ind1="1" ind2=" ">
      <subfield code="a">dut</subfield>
      <subfield code="h">lat</subfield>
    </datafield>
    <datafield tag="084" ind1=" " ind2=" ">
      <subfield code="a">11.62</subfield>
      <subfield code="2">bcl</subfield>
    </datafield>
    <datafield tag="100" ind1="0" ind2=" ">
      <subfield code="a">Leo</subfield>
      <subfield code="b">XIII,</subfield>
      <subfield code="c">paus,</subfield>
      <subfield code="d">1810-1903.</subfield>
      <subfield code="1">https://id.oclc.org/worldcat/entity/E39PBJv8GQfqpvyWk36kcCwcT3</subfield>
    </datafield>
    <datafield tag="245" ind1="1" ind2="3">
      <subfield code="a">De sociale quaestie uit het Vatikaan bezien :</subfield>
      <subfield code="b">drie zendbrieven van Paus Leo XIII /</subfield>
      <subfield code="c">vert. [uit het Latijn] en ingel. door C.E. van Koetsveld.</subfield>
    </datafield>
    <datafield tag="260" ind1=" " ind2=" ">
      <subfield code="a">Schoonhoven :</subfield>
      <subfield code="b">Van Nooten,</subfield>
      <subfield code="c">1889.</subfield>
    </datafield>
    <datafield tag="300" ind1=" " ind2=" ">
      <subfield code="a">108 p. ;</subfield>
      <subfield code="c">20 cm</subfield>
    </datafield>
    <datafield tag="336" ind1=" " ind2=" ">
      <subfield code="a">tekst</subfield>
      <subfield code="b">txt</subfield>
      <subfield code="2">rdacontent/dut</subfield>
    </datafield>
    <datafield tag="337" ind1=" " ind2=" ">
      <subfield code="a">zonder medium</subfield>
      <subfield code="b">n</subfield>
      <subfield code="2">rdamedia/dut</subfield>
    </datafield>
    <datafield tag="530" ind1=" " ind2=" ">
      <subfield code="a">Ook beschikbaar in microvorm.</subfield>
    </datafield>
    <datafield tag="600" ind1="0" ind2="0">
      <subfield code="a">Leo</subfield>
      <subfield code="b">XIII,</subfield>
      <subfield code="c">Pope,</subfield>
      <subfield code="d">1810-1903.</subfield>
    </datafield>
    <datafield tag="650" ind1=" " ind2="0">
      <subfield code="a">Church and social problems</subfield>
      <subfield code="x">Catholic Church.</subfield>
    </datafield>
    <datafield tag="600" ind1="0" ind2="4">
      <subfield code="a">Leo</subfield>
      <subfield code="b">XIII,</subfield>
      <subfield code="c">paus,</subfield>
      <subfield code="d">1810-1903.</subfield>
    </datafield>
    <datafield tag="650" ind1=" " ind2="6">
      <subfield code="a">Église et problèmes sociaux</subfield>
      <subfield code="x">Église catholique.</subfield>
    </datafield>
    <datafield tag="650" ind1=" " ind2="7">
      <subfield code="a">11.62 Christian ethics.</subfield>
      <subfield code="0">(NL-LeOCL)077594401</subfield>
      <subfield code="2">bcl</subfield>
    </datafield>
    <datafield tag="600" ind1="0" ind2="7">
      <subfield code="a">Leo</subfield>
      <subfield code="b">XIII,</subfield>
      <subfield code="c">Pope,</subfield>
      <subfield code="d">1810-1903.</subfield>
      <subfield code="2">fast</subfield>
      <subfield code="0">(OCoLC)fst00091588</subfield>
      <subfield code="1">https://id.oclc.org/worldcat/entity/E39PBJv8GQfqpvyWk36kcCwcT3</subfield>
    </datafield>
    <datafield tag="650" ind1=" " ind2="7">
      <subfield code="a">Church and social problems</subfield>
      <subfield code="x">Catholic Church.</subfield>
      <subfield code="2">fast</subfield>
      <subfield code="0">(OCoLC)fst00860495</subfield>
    </datafield>
    <datafield tag="650" ind1="1" ind2="7">
      <subfield code="a">Sociale vraagstuk.</subfield>
      <subfield code="2">gtt</subfield>
    </datafield>
    <datafield tag="650" ind1="1" ind2="7">
      <subfield code="a">Katholieke sociale leer.</subfield>
      <subfield code="2">gtt</subfield>
    </datafield>
    <datafield tag="650" ind1="1" ind2="7">
      <subfield code="a">Diuturnum illud (Leo XIII)</subfield>
      <subfield code="2">gtt</subfield>
    </datafield>
    <datafield tag="650" ind1="1" ind2="7">
      <subfield code="a">Immortale Dei (Leo XIII)</subfield>
      <subfield code="2">gtt</subfield>
    </datafield>
    <datafield tag="650" ind1="1" ind2="7">
      <subfield code="a">Libertas praestantissimum (Leo XIII)</subfield>
      <subfield code="2">gtt</subfield>
    </datafield>
    <datafield tag="600" ind1="1" ind2="7">
      <subfield code="a">Leo</subfield>
      <subfield code="b">XIII,</subfield>
      <subfield code="c">paus,</subfield>
      <subfield code="d">1810-1903.</subfield>
      <subfield code="0">(NL-LeOCL)069280703</subfield>
      <subfield code="2">nta</subfield>
    </datafield>
    <datafield tag="700" ind1="1" ind2=" ">
      <subfield code="a">Koetsveld, C.E. van</subfield>
      <subfield code="q">(Cornelis Eliza),</subfield>
      <subfield code="d">1807-1893.</subfield>
      <subfield code="1">https://id.oclc.org/worldcat/entity/E39PBJjmThRbKbJqq3bdb3j3cP</subfield>
    </datafield>
    <datafield tag="758" ind1=" " ind2=" ">
      <subfield code="a">De sociale quaestie uit het Vatikaan bezien (Text)</subfield>
      <subfield code="1">https://id.oclc.org/worldcat/entity/E39PCFDWwm8xkP4QfjPY6j97HC</subfield>
      <subfield code="4">https://id.oclc.org/worldcat/ontology/hasWork</subfield>
    </datafield>
    <datafield tag="776" ind1="0" ind2=" ">
      <subfield code="t">De sociale quaestie uit het Vatikaan bezien</subfield>
      <subfield code="w">(NL-LeOCL)357946707</subfield>
      <subfield code="w">(OCoLC)846606960</subfield>
    </datafield>
    <datafield tag="936" ind1=" " ind2=" ">
      <subfield code="a">BATCHLOAD</subfield>
    </datafield>
  </record>